000 00423pab a2200145 454500
008 180718b2003 xxu||||| |||| 00| 0 eng d
100 _aWisner, Ben
245 _aSustainable suffering? Reflections on development and disaster vulnerability in the post-Johannesburg world
260 _c2003
300 _ap.135-48.
362 _aSpring
650 _aDisasters
773 _aRegional Development Dialogue
909 _a57886
999 _c57886
_d57886